000 02259cam a2200565 4500
001 21356
003 VRT
005 20260227151538.0
008 200228s2019 xo af ar 000 j slo
015 _aSNBA2019/07
020 _a9788055166643
_q(viazané)
035 _aurn:nbn:sk:snk-am00ddio
035 _aurn:nbn:sk:snk-am3hyic
035 _a65C26FF3-677B-4BBE-BFC4-7F9061066D5F
039 9 _a202207041156
_bmsnk167
_c202002281330
_dVLOAD
_c202002031239
_dmsnk159
_c202002031238
_dmsnk159
040 _aTTKJF
_bslo
_cTTKJF
_dSNK
_erda
041 1 _aslo
_hger
044 _axo
_cSK
072 7 _a821.112.2-3
_xNemecká próza, nemecky písaná
_2konspekt
072 7 _a82-93
_xLiteratúra pre deti a mládež (beletria)
_2konspekt
080 _a821.112.2-34
_22011
080 _a82-93-053.4/.5
_22011
100 1 _aAmft, Diana,
_d1975-
_4aut
240 1 4 _aDie kleine Spinne Widerlich. Der Geburtstagsbesuch
_lSlovensky
245 1 0 _aPavúčik Zlatúšik
_pNarodeninová návšteva
_cDiana Amftová ; ilustrovala Martina Matosová ; preložila Jana H. Hoffstädter
246 1 _iSéria:
_aPavúčik zlatúšik
246 3 0 _aNarodeninová návšteva
250 _aPrvé vydanie
264 1 _aBratislava
_bIkar, a.s. - Stonožka
_c2019
300 _a24 nečíslovaných strán
_bfarebné ilustrácie, farebné ilustrované listy
_c24 cm
336 _atext
_btxt
_2rdacontent
336 _astatický obraz
_bsti
_2rdacontent
337 _abez média
_bn
_2rdamedia
338 _azväzok
_bnc
_2rdacarrier
500 _aPreložené z nemčiny
521 8 _aPre deti od 3 rokov
655 7 _anemecké rozprávky
_2SNKPH
655 7 _aliteratúra pre deti
_2SNKPH
655 7 _aGerman fairy tales
_2SNKPHeng
655 7 _aChildren’s literature
_2SNKPHeng
700 1 _aMatos, Martina,
_d1978-
_4ill
700 1 _aHoffstädter, Jana H.,
_d1980-
_4trl
787 0 8 _iZo série:
_tPavúčik Zlatúšik
_g2
942 _2ddc
_cKLDE
_n0
949 _6270001000602660
_asvkbbB 59395-2
_bsvkbbm 783730
949 _6273K0646950
_asvkpoB 107801
_bsvkpo638747
949 _62889347354
_asavukPV 28236
_bsavuk2019/2201
949 _617A1373471
_asnkSC 184687
_bsnk2019/16431
_o1088/2019
_s6100:20190708
949 _617A1373472
_asnkSC 184687 D1
_bsnk2019/16432
_o1088/2019
999 _c21356
_d21356